DAMSO- Trouver tous ses titres - Statistiques

Statistiques générales
  • Ce quiz a été pris 287 fois
    111 depuis la dernière actualisation
  • Le résultat moyen est 89 sur 175
Statistiques - réponses
Album % Correct
Feu de bois
87%
Amnésie
80%
Autotune
80%
Λ. Lové
80%
Θ. Macarena
80%
Γ. Mosaïque solitaire
80%
Batterie faible
77%
Lithopédion
77%
Impardonnable
77%
Alpha (ft.Kalash)
73%
Δ. Dieu ne ment jamais
73%
Débrouillard
73%
Ipséité
73%
J'AI MENTI.
73%
Périscope
73%
QALF
73%
INTRO
73%
Ipséité - Bonus Track
73%
Julien
73%
Monde
73%
Silence (ft.Angèle)
73%
60 années
70%
BĒYĀH
70%
CHROME
70%
Σ. MOROSE
70%
N. J Respect R
70%
911
67%
Démons
67%
VIEUX SONS
67%
Humains - Bonus Track
67%
KAKI
67%
Laisse-moi tranquille.
67%
Α. Nwaar Is The New Black
67%
O. OG
67%
Pa Pa Paw (feat. Sarah Sey)
67%
Ε. Signaler
67%
Ξ. Une âme pour deux
67%
William
67%
Baltringue
63%
BXL ZOO (ft.Hamza)
63%
CŒUR EN MIETTES (ft.Lous and the Yakuza)
63%
DEUX TOILES DE MER
63%
DAMSAUTISTE
63%
Frère
63%
JCVDEMS
63%
LA RUE
63%
Ι. Peur d'être père (ft.Youri Botterman)
63%
Police
63%
RENCONTRE
63%
TU ME RENDS BÊTE
63%
Π. VANTABLACK
63%
YA TENGO SENTIMIENTOS
63%
24h plus tôt
60%
Dégaine
60%
Ζ. Kietu
60%
LIFE LIFE
60%
Love is Blind
60%
Magic (feat. I.A)
60%
QALF infinity
60%
Qui m'a demandé
60%
Schéma
60%
T. CHIALER (ft.YG Pablo)
60%
YOUVOI
60%
BruxellesVie
57%
Dix leurres
57%
Festival de rêves
57%
Exutoire
57%
NMI
57%
Graine de sablier
57%
Mwaka Moon
57%
Pyramide
57%
Smog
57%
VIE OLENCE
57%
B. #QuedusaalVie
53%
Coeur De Pirate
53%
Conséquences
53%
Ρ. DOSE
53%
Η. Gova
53%
Κ. Kin la belle
53%
La rue est morte.
53%
Limbisa ngai (ft.Kalash Criminel)
53%
Mony (ft.Michkavie)
53%
Tricheur
53%
Wolof
53%
COEUR DE ICE
50%
COMMENT FAIRE UN TUBE
50%
COSMOS (ma première chanson, j'avais 16 ans)
50%
Fibonacci
50%
God Bless
50%
Introduction
50%
MTL
50%
Noir meilleur
50%
Μ. Noob Saibot
50%
Ψ. PASSION
50%
Rondo
50%
T'es mon DEL
50%
Φ. THEVIE RADIO
50%
THEVIE RADIO (Interlude)
50%
Tout tenter (ft.Angèle)
50%
Triple V
50%
Tueurs
50%
Y. 2 DIAMANTS
50%
Beautiful
47%
J'avais juste envie d'écrire.
47%
MEVTR
47%
Perplexe
47%
Rêves bizarres
47%
SENTIMENTAL
47%
Vitrine
47%
BPM
43%
Du mal à te dire
43%
FAIS ÇA BIEN (ft.Fally Ipupa)
43%
Quedelavie
43%
Grand Soleil
43%
MAMILĀH
43%
MA PUTAIN
43%
Poséidon
43%
Que de la vie
43%
Robe
43%
Tard la night
43%
X. ZWAAR
43%
BROUILLARD
40%
CINÉASTE
40%
D'JA ROULÉ
40%
Du Feu
40%
Sombre
40%
Noche
40%
Paris c'est loin
40%
Pinocchio
40%
02:00
37%
113
37%
Aux paradis
37%
BLASE
37%
BODIES
37%
Quotidien de baisé
37%
ISOLER
37%
Malpolis
37%
Même issue
37%
Mobali
37%
Œveillé
37%
Promo
37%
Quoi de neuf bébé
37%
ROSE MARTHE'S LOVE
37%
TieksVie
37%
Ω. VIVRE UN PEU
37%
EGO
33%
FREE CONGO
33%
JTC
33%
Nocif
33%
POUR L'ARGENT
33%
Prise de conscience
33%
Smeagol
33%
VAGABOND
33%
But en or
30%
Fais-moi un Vie
30%
Black
27%
.FUMEE.ÉPAISSE.
27%
I Love You
27%
Lubie
27%
Mort
27%
ON N'EST JAMAIS MIEUX COMPRIS QUE PAR SOI-MÊME
27%
Praliné
27%
R9R-LINE
27%
SOLITERRIEN
27%
CQFD
23%
Etranger
23%
Mucho Dinero
23%
ParoVie
23%
Personne
23%
Slow
23%
LE TALENT NE SUFFIT PAS
20%
Wanted You to Know
20%
RVRE
17%
Best
13%
Ivre
10%
Aucun quiz correspondant
Distribution des résultats
% des personnes avec chaque résultat
Percentile par nombre de réponses
Votre historique - résultats
Vous n’avez pas pris ce quiz depuis la dernière actualisation